| Tag |
First Indicator |
Second Indicator |
Subfields |
| LEADER |
00000cam a2200000 i 4500 |
| 001 |
in00000336191 |
| 005 |
20151011055036.0 |
| 008 |
761202r19711939pau b 00010deng d |
| 035 |
|
|
|a (OCoLC)02590415
|
| 035 |
|
|
|9 ABM2015AM
|
| 040 |
|
|
|a SOI
|c SOI
|d TXA
|d UtOrBLW
|
| 049 |
|
|
|a TXAM
|c [1360891]
|
| 090 |
|
|
|a DA522.C5
|b C5 1971
|
| 100 |
1 |
|
|a Clark, Mary Elizabeth,
|d 1901-
|
| 245 |
1 |
0 |
|a Peter Porcupine in America :
|b the career of William Cobbett, 1792-1800 /
|c Mary Elizabeth Clark.
|
| 264 |
|
1 |
|a Folcroft, Pa. :
|b Folcroft Library Editions,
|c 1971.
|
| 300 |
|
|
|a v, 193 pages ;
|c 26 cm.
|
| 336 |
|
|
|a text
|b txt
|2 rdacontent
|
| 337 |
|
|
|a unmediated
|b n
|2 rdamedia
|
| 338 |
|
|
|a volume
|b nc
|2 rdacarrier
|
| 500 |
|
|
|a Reprint of the 1939 edition published in Philadelphia.
|
| 500 |
|
|
|a Originally presented as the author's thesis, University of Pennsylvania, 1937.
|
| 504 |
|
|
|a Bibliography: pages 186-193.
|
| 600 |
1 |
0 |
|a Cobbett, William,
|d 1763-1835.
|
| 999 |
|
|
|a MARS
|
| 999 |
f |
f |
|s b1ecb779-836a-32a4-9941-515a84462524
|i f065533f-907e-3aeb-979a-75f5258dc441
|t 0
|
| 952 |
f |
f |
|p ric
|a Texas A&M University
|b Rellis Campus
|c Joint Library Facility
|d Remote Storage
|t 0
|e DA522.C5 C5 1971
|h Library of Congress classification
|i unmediated -- volume
|m A14801929319
|
| 998 |
f |
f |
|a DA522.C5 C5 1971
|t 0
|l Remote Storage
|